Central Library OPAC University of Rajshahi

Wittgenstein's philosophy of language : (Record no. 31)

MARC details
000 -LEADER
fixed length control field 00726nam a2200241 a 4500
001 - CONTROL NUMBER
control field 31
003 - CONTROL NUMBER IDENTIFIER
rucl marc code BD-RjUL
005 - DATE AND TIME OF LATEST TRANSACTION
control field 20211208233109.0
008 - FIXED-LENGTH DATA ELEMENTS--GENERAL INFORMATION
fixed length control field 160827s1972 enka 001 0 eng d
020 ## - INTERNATIONAL STANDARD BOOK NUMBER
International Standard Book Number 0710072643
035 ## - SYSTEM CONTROL NUMBER
System control number (BD-RjUL)33
040 ## - CATALOGING SOURCE
Original cataloging agency DLC
Transcribing agency DLC
Modifying agency BD-RjUL
Language of cataloging eng
041 ## - LANGUAGE CODE
Language code of text/sound track or separate title eng
082 00 - DEWEY DECIMAL CLASSIFICATION NUMBER
Classification number 149.94
Edition number 23
Author mark and year BOW 1972
100 1# - MAIN ENTRY--PERSONAL NAME
Personal name Bogen, James
9 (RLIN) 103
245 10 - TITLE STATEMENT
Title Wittgenstein's philosophy of language :
Remainder of title some aspects of its development /
Statement of responsibility, etc. James Bogen
260 ## - PUBLICATION, DISTRIBUTION, ETC. (IMPRINT)
Place of publication, distribution, etc. London ;
Name of publisher, distributor, etc. Routledge and K. Paul,
Date of publication, distribution, etc. c1972.
300 ## - PHYSICAL DESCRIPTION
Pagination xi, 244 p. ;
Size 22 cm.
490 ## - SERIES STATEMENT
Series statement International library of philosophy and scientific method
500 ## - GENERAL NOTE
General note index
650 #0 - SUBJECT ADDED ENTRY--TOPICAL TERM
Topical term or geographic name as entry element Language and languages
General subdivision Philosophy.
9 (RLIN) 105
942 ## - ADDED ENTRY ELEMENTS (KOHA)
Source of classification or shelving scheme Dewey Decimal Classification
Koha item type Books
Holdings
Lost status Source of classification or shelving scheme Damaged status Not for loan Collection code Permanent Location Current Location Shelving location Date acquired Source of acquisition Cost, normal purchase price Total Checkouts Full call number Date last seen Copy number Koha item type
  Dewey Decimal Classification     Non-fiction Central Library, University of Rajshahi Central Library, University of Rajshahi   07/06/1975 Gonatha . com. 3.25   149.94 BOW 1972 06/11/2013 C-5 Books
  Dewey Decimal Classification     Non-fiction Central Library, University of Rajshahi Central Library, University of Rajshahi   07/06/1975 Gonatha . com. 3.25   149.94 BOW 1972 06/11/2013 C-7 Books
  Dewey Decimal Classification     Non-fiction Central Library, University of Rajshahi Central Library, University of Rajshahi   07/06/1975 Gonatha . com. 3.25   149.94 BOW 1972 06/11/2013 C-8 Books
  Dewey Decimal Classification     Non-fiction Central Library, University of Rajshahi Central Library, University of Rajshahi   07/06/1975 Gonatha . com. 3.25   149.94 BOW 1972 08/11/2013 C-6 Books
  Dewey Decimal Classification     Non-fiction Central Library, University of Rajshahi Central Library, University of Rajshahi Reading Room 07/06/1975 Gonathan Wares and Co. 3.25   149.94 BOW 1972 08/01/2014 C-1 Books
  Dewey Decimal Classification     Non-fiction Central Library, University of Rajshahi Central Library, University of Rajshahi   07/06/1975 Gontha 3.25   149.94 BOW 1972 27/08/2016 C-2 Books